Large Countries by Area with 4 or Less Borders - Statistics

General Stats
  • This quiz has been taken 881 times
    849 since last reset
  • The average score is 10 of 17
Answer Stats
Borders Country Area Rank % Correct
0 Australia #6
97%
1 Canada #2
97%
2 United States #4
96%
3 Mexico #13
86%
0 Madagascar #46
78%
3 Indonesia #14
77%
2 Mongolia #18
72%
3 Egypt #28
64%
3 Chile #37
60%
4 Angola #22
45%
4 Namibia #34
39%
4 Pakistan #33
39%
3 Venezuela #32
37%
3 Somalia #43
34%
4 Nigeria #31
30%
2 Yemen #49
27%
4 Botswana #47
22%
No matching quizzes found
Score Distribution
Percent of People with Each Score
Percentile by Number Answered
Your Score History
You have not taken this quiz since the last reset